A pescaria da Bé-Malai (Registo nº 201853)
[ vista simples ]
| 000 -Etiqueta de Registo | |
|---|---|
| Indicador do Registo | 00615nam 22001813 4500 |
| 100 ## - Dados Gerais de Processamento | |
| Dados gerais | 20260102d u||y0pory50 ba |
| 101 ## - Língua | |
| Língua de publicação | Português |
| 102 ## - País de publicação | |
| País | Portugal |
| 200 ## - Título e menção de responsabilidade | |
| Título próprio | A pescaria da Bé-Malai |
| Primeira menção de responsabilidade | Ruy Cinatti |
| Sub-título | mito e ritual |
| 300 ## - Notas gerais | |
| Texto de nota | Separata da Revista Geographica nº 1<br/>Contém dedicatória na capa |
| 461 ## - Nível de conjunto | |
| Título | Separata da Revista Geographica nº1 |
| 606 ## - Nome Comum Usado como Assunto | |
| ID Autoridade | 2051 |
| Elemento de Entrada | Antropologia Cultural. Etnologia. Etnografia. Usos e Costumes. Tradições. Modo de vida. Folclore |
| 700 ## - Autor principal (pessoa individual) | |
| ID Autoridade | 5044 |
| Apelido | Cinatti |
| Nome | Ruy |
| 801 ## - Fonte de origem | |
| País | PT |
| Agência | BMMN |
| Regras de catalogação | RPC |
| 090 ## - System Control Numbers (Koha) | |
| Koha biblioitem number (autogenerated) | 201853 |
| 990 ## - Elementos Koha | |
| Tipo de documento | Livro |
| Biblioteca de origem | Código de Barras | Cota | Permissão de Empréstimo | Tipo de Documento | Nota relativa ao exemplar | Forma de Aquisição |
|---|---|---|---|---|---|---|
| Biblioteca Municipal de Montemor-o-Novo | 31238 | 398.2 CIN|SAF | Artigo | Acesso Condicionado | Oferta |